000 00864cam a22002653a 4500
001 33849
003 PGUSA
005 20140828083730.0
008 101010s2010||||xxu|||||s|||||000 | eng d
040 _aPGUSA
_beng
042 _adc
050 4 _aBR
100 1 _aAugustine,, Bishop of Hippo
_cSaint,
_d354-430
245 1 0 _aConfessiones
_h[electronic resource] /
_cBishop of Hippo Augustine,
260 _bProject Gutenberg,
_c2010
506 _aPublic domain in the USA.
516 _aElectronic text
653 _aAugustine, Saint, Bishop of Hippo
653 _aChristian saints -- Algeria -- Hippo (Extinct city) -- Biography
700 1 _aDu Bois, Philippe Goibaud, sieur,
_d1626-1694
700 1 _aPusey, E. B.
_q(Edward Bouverie),
_d1800-1882
830 0 _aProject Gutenberg
_v33849
856 4 0 _uhttp://www.gutenberg.org/ebooks/33849
942 _cEB
999 _c263104
_d263104